000
00296nam a2200121Ia 4500
008
190216s9999||||xx |||||||||||||| ||und||
100
_a
"Prederick S. Hillier, Gerald J Hieberman"
245
0
_a
Operations Research
260
_b
Cbs Publishers
300
_a
800
650
_a
Commerce
942
_c
BK
999
_c
5560
_d
5560